Quality Management Systems: Guideline for quality management in projects, ISO 1006:2003 (Record no. 10989)

000 -LEADER
fixed length control field 00284nam a2200097Ia 4500
008 - FIXED-LENGTH DATA ELEMENTS--GENERAL INFORMATION
fixed length control field 210107s9999 xx 000 0 und d
100 ## - MAIN ENTRY--PERSONAL NAME
Personal name ISO
245 #0 - TITLE STATEMENT
Title Quality Management Systems: Guideline for quality management in projects, ISO 1006:2003
260 ## - PUBLICATION, DISTRIBUTION, ETC.
Place of publication, distribution, etc. Swizerland
Name of publisher, distributor, etc. ISO
942 ## - ADDED ENTRY ELEMENTS (KOHA)
Koha item type Books
Holdings
Withdrawn status Lost status Damaged status Not for loan Permanent Location Date acquired Full call number Barcode Date last seen Price effective from Koha item type
        IMU Kolkata 2021-01-07 658.4013 I851 PM06746 2021-01-07 2021-01-07 Books
Designed and Maintained by IMU-KC Library, Kolkata Campus © Copyright All Rights Reserved

webs counters

Powered by Koha